AI and computer technology in sweet pepper (Capsicum annuum L.) growing in Hungary [abstract] /

Elmentve itt :
Bibliográfiai részletek
Szerző: Lantos Ferenc
Testületi szerző: 22th Wellmann International Scientific Conference
Dokumentumtípus: Könyv része
Megjelent: Szegedi Tudományegyetem Mezőgazdasági Kar Hódmezővásárhely 2025
Sorozat:Wellmann International Scientific Conference 22
Kulcsszavak:Mezőgazdaság - precíziós - előadáskivonat, Paprikatermesztés - előadáskivonat
Tárgyszavak:
Online Access:http://acta.bibl.u-szeged.hu/89742
LEADER 01069naa a2200229 i 4500
001 acta89742
005 20260302152937.0
008 260302s2025 hu o 100 eng d
020 |a 978-963-688-044-6 
040 |a SZTE Egyetemi Kiadványok Repozitórium  |b hun 
041 |a eng 
100 1 |a Lantos Ferenc 
245 1 0 |a AI and computer technology in sweet pepper (Capsicum annuum L.) growing in Hungary   |h [elektronikus dokumentum] :  |b [abstract] /  |c  Lantos Ferenc 
260 |a Szegedi Tudományegyetem Mezőgazdasági Kar  |b Hódmezővásárhely  |c 2025 
300 |a 17 
490 0 |a Wellmann International Scientific Conference  |v 22 
650 4 |a Mezőgazdaság-tudományok 
650 4 |a Mezőgazdaság, erdészet, halászat 
650 4 |a Egyéb mezőgazdaság-tudományok 
695 |a Mezőgazdaság - precíziós - előadáskivonat, Paprikatermesztés - előadáskivonat 
711 |a 22th Wellmann International Scientific Conference  |c Hódmezővásárhely  |d 2025. május 15. 
856 4 0 |u http://acta.bibl.u-szeged.hu/89742/1/wellmann_abstracts_2025_017.pdf  |z Dokumentum-elérés